00545nam a2200169 a 4500008004100000020001800041050001400059100002000073245013000093260004100223300002200264350001000286650001500296700002200311700002200333700002000355160505s2010 ||||||||||||||||| || u a9781847875389 aBF 77 Ess aWinder, Belinda10aEssential psychology: a concise introductioncEdited By Philip Banyard, Mark N.O. Davies, Christine Norman and Belinda Winder aLos AngelesbSAGE Publicationsc2010 axiii, 454p.: ill. a66.00 3aPSYCHOLOGY aNorman, Christine aDavies, Mark N. O aBanyard, Philip